00399 2200157 4500001002100000008004100021035002000062245004400082100001200126260002500138300002200163020002200185084001400207082000800221990001200229INLIS000000000002890 IND  a0010-0925000237 aTahajud Cinta Di Kota New YorkcArumi E aArumi E aJakartabZettuc2016 a420c(14 x 21 cm) a978-602-7735-53-8 a813 ARU t a813 a0755112